Statistics for Top 20 Best Players in the NBA (Current)

Click here to take the quiz!

General Stats

  • This quiz has been taken 1,097 times
  • The average score is 18 of 20

Answer Stats

HintAnswer% Correct
WarriorsStephen Curry
99%
CavaliersLeBron James
98%
ThunderRussell Westbrook
97%
RocketsJames Harden
96%
WarriorsKlay Thompson
95%
WarriorsKevin Durant
94%
WarriorsDraymond Green
93%
Trail BlazersDamian Lillard
92%
PelicansAnthony Davis
91%
ClippersChris Paul
90%
SpursKawhi Leonard
90%
CavaliersKyrie Irving
89%
PacersPaul George
87%
WizardsJohn Wall
85%
ClippersBlake Griffin
84%
TimberwolvesKarl Anthony-Towns
84%
KnicksCarmelo Anthony
81%
KingsDemarcus Cousins
81%
BullsJimmy Butler
77%
BullsDwayne Wade
48%

Score Distribution

Percentile by Number Answered

Percent of People with Each Score

Your Score History

You have not taken this quiz